000 00960cam a22002651 4500
001 sa 68018643
003 DLC
005 20260227112713.0
008 881219m19659999ii 000 0 san
010 _asa 68018643
035 _a(OCoLC)18923333
040 _aDLC
_cCU
_dCU
_dDLC
041 0 _asanhin
042 _apremarc
050 0 0 _aR127.2
_b.V33
100 0 _aVāgbhaṭa,
_dactive 7th century.
240 1 0 _aAṣṭāṅgasaṅgraha
245 1 0 _aAṣṭāṅgasaṇgrahaḥ.
_cŚrīvāgbhaṭācāryaviracita. Sarvāṅgasundarī vyākhyayā sahitaḥ. Vyākhyākāra Lālacandra Śāstrī Vaidya. Āmurkhalekhaka Raṅajitarāya Desāī.
250 _a[1. saṃskaraṅā]
260 _aKalakattā :
_bSrī Vaidyanātha Āyurveda Bhavana,
_c1965-
300 _av. ;
_c25 cm.
500 _aIn Sanskrit: introductory matter and commentary in Hindi.
650 0 _aMedicine, Ayurvedic.
700 1 _aVaidya, Lālacandra.
_tAṣṭāṅgasundarī.
999 _c88553
_d88553